[Event "VI Festival Terra del Salento A"]
[Site "Gallipoli ITA"]
[Date "2001.07.01"]
[Round "5"]
[White "Rotelli, Pietro"]
[Black "Shytaj, Luca"]
[Result "0-1"]
[WhiteElo "1779"]
[BlackElo "1818"]
[PlyCount "82"]
[EventDate "2001.06.29"]

1. d4 Nf6 2. c4 e6 3. Nc3 Bb4 4. Qc2 c5 5. e3 Nc6 6. Nf3 cxd4 7. exd4 d5 8. a3
Bd6 9. c5 Bc7 10. Bb5 h6 11. O-O O-O 12. Re1 Nd7 13. Bxc6 bxc6 14. b4 a6 15.
Bb2 Re8 16. Ne5 Nxe5 17. dxe5 Qg5 18. Bc1 Qf5 19. Qxf5 exf5 20. f4 f6 21. Na4
fxe5 22. fxe5 Rxe5 23. Bb2 Re4 24. Rxe4 fxe4 25. Bd4 Bg4 26. Nb6 Re8 27. Re1
Bd8 28. h3 Be6 29. Rf1 Bg5 30. Kf2 Rf8+ 31. Ke2 Rxf1 32. Kxf1 Bc1 33. Na8 Bxa3
34. Nc7 Bc8 35. Bc3 Kf7 36. Ke2 Bb7 37. Kd2 Ke7 38. Kc2 Kd7 39. Kb3 Bc1 40. Be5
Bg5 41. Kc2 Bd8 0-1

[Event "VI Festival Terra del Salento A"]
[Site "Gallipoli ITA"]
[Date "2001.07.01"]
[Round "5"]
[White "Santurbano, Maria Vincenza"]
[Black "Decataldo, Alba"]
[Result "0-1"]
[WhiteElo "1771"]
[BlackElo "1755"]
[PlyCount "92"]
[EventDate "2001.06.29"]

1. d4 d5 2. c4 e6 3. Nf3 c5 4. cxd5 exd5 5. Nc3 Nf6 6. Bg5 Be7 7. dxc5 Be6 8.
e3 O-O 9. Bd3 Qa5 10. O-O Qxc5 11. Rc1 Qa5 12. Nd4 Nbd7 13. h3 a6 14. Nb3 Qd8
15. Ne2 Ne4 16. Bxe7 Qxe7 17. f3 Nd6 18. Bb1 Qg5 19. Nf4 Rac8 20. Nd4 Nf6 21.
Qd3 Bd7 22. Rc3 Nb5 23. Rb3 Rc4 24. Nde2 Rfc8 25. Nc3 Nxc3 26. bxc3 Bb5 27. Qd2
R4c7 28. Bd3 Bc6 29. c4 Rd7 30. Nxd5 Nxd5 31. cxd5 Qxd5 32. Qc2 g6 33. Rc1 Rcd8
34. Be4 Qg5 35. Bxc6 Rd2 36. Qxd2 Rxd2 37. f4 Qg3 38. Bf3 Qf2+ 39. Kh1 b5 40.
a3 Rb2 41. Rbc3 Qd2 42. Rc8+ Kg7 43. R1c3 Rb1+ 44. Kh2 h5 45. Kg3 Qe1+ 46. Kh2
h4 0-1

[Event "VI Festival Terra del Salento A"]
[Site "Gallipoli ITA"]
[Date "2001.07.01"]
[Round "5"]
[White "Tommaselli, Giacomo"]
[Black "Fiore, Mario"]
[Result "0-1"]
[WhiteElo "2087"]
[BlackElo "2315"]
[PlyCount "88"]
[EventDate "2001.06.29"]

1. d4 Nf6 2. Nf3 g6 3. Bg5 Bg7 4. e3 c5 5. c3 b6 6. Nbd2 h6 7. Bf4 O-O 8. Bd3
Ba6 9. Bxa6 Nxa6 10. h3 Nc7 11. O-O d6 12. e4 cxd4 13. cxd4 Ne6 14. Be3 d5 15.
e5 Ne8 16. Nh4 Kh7 17. Qg4 N6c7 18. f4 e6 19. Nhf3 Rg8 20. Qg3 Na6 21. Qh2 Nb4
22. g4 Nc2 23. Rae1 Nxe1 24. Nxe1 Rc8 25. Qf2 f5 26. exf6 Nxf6 27. g5 Nh5 28.
Ndf3 Qf8 29. Qh4 Qf5 30. Ng2 Rgf8 31. Bd2 Qd3 32. gxh6 Bxd4+ 33. Nxd4 Qxd4+ 34.
Be3 Qf6 35. Qg4 Rc2 36. Nh4 d4 37. f5 exf5 38. Qxd4 Qxd4 39. Bxd4 Re8 40. Bc3
Ng3 41. Rf2 Rxf2 42. Kxf2 Ne4+ 43. Kf3 Nxc3 44. bxc3 Rc8 0-1

[Event "VI Festival Terra del Salento A"]
[Site "Gallipoli ITA"]
[Date "2001.07.01"]
[Round "6"]
[White "Ariete, Gerardo"]
[Black "Fiore, Mario"]
[Result "0-1"]
[WhiteElo "2049"]
[BlackElo "2315"]
[PlyCount "54"]
[EventDate "2001.06.29"]

1. e4 c5 2. c3 Nf6 3. e5 Nd5 4. d4 cxd4 5. cxd4 d6 6. exd6 e6 7. Nc3 Nxc3 8.
bxc3 Bxd6 9. Qg4 O-O 10. Bd3 e5 11. Qe4 g6 12. Be3 Bf5 13. Qxb7 Bxd3 14. Qxa8
exd4 15. Bxd4 Qe8+ 16. Kd2 Be4 17. Qxa7 Qb5 18. Nf3 Qb2+ 19. Ke3 Re8 20. Qxf7+
Kxf7 21. Ng5+ Kg8 22. Nxe4 Be5 23. Rhd1 Bxd4+ 24. cxd4 Nd7 25. Rab1 Qc2 26. f3
Nf6 27. Rbc1 Nd5# 0-1

[Event "VI Festival Terra del Salento A"]
[Site "Gallipoli ITA"]
[Date "2001.07.01"]
[Round "6"]
[White "Decataldo, Alba"]
[Black "Rotelli, Pietro"]
[Result "1-0"]
[WhiteElo "1755"]
[BlackElo "1779"]
[PlyCount "57"]
[EventDate "2001.06.29"]

1. e4 c6 2. d4 d5 3. exd5 cxd5 4. c3 Nc6 5. Bd3 Nf6 6. h3 g6 7. Nf3 Bg7 8. O-O
O-O 9. Re1 Re8 10. Bg5 h6 11. Bf4 Nd7 12. Na3 a6 13. Bc2 b5 14. Qd2 h5 15. Bh6
Bb7 16. Bxg7 Kxg7 17. Ng5 e5 18. dxe5 Rxe5 19. Rxe5 Ndxe5 20. Qf4 Qf6 21. Qg3
Kh6 22. h4 Rd8 23. Bb3 Nc4 24. Qc7 Kg7 25. Qxb7 Nxb2 26. Rf1 Na5 27. Qc7 Nac4
28. Bxc4 dxc4 29. Ne6+ 1-0

[Event "VI Festival Terra del Salento A"]
[Site "Gallipoli ITA"]
[Date "2001.07.01"]
[Round "6"]
[White "Dragojlovic, Andjelko"]
[Black "Cecconi, Giovanni Alberto"]
[Result "0-1"]
[WhiteElo "2335"]
[BlackElo "2181"]
[PlyCount "96"]
[EventDate "2001.06.29"]

1. e4 g6 2. d4 Bg7 3. Nf3 d6 4. h3 Nf6 5. Nc3 c6 6. Be2 O-O 7. O-O b5 8. e5 Ne8
9. Bf4 a6 10. Qd2 Nd7 11. Rad1 f5 12. Rfe1 Bb7 13. Ng5 Qb6 14. Ne6 Rf7 15. Nxg7
Rxg7 16. Bh6 dxe5 17. dxe5 Nf8 18. Bxg7 Nxg7 19. Bf3 Nge6 20. Ne2 Kg7 21. c3 h6
22. h4 Rd8 23. Qc1 c5 24. Bxb7 Qxb7 25. Nf4 Rxd1 26. Nxe6+ Nxe6 27. Qxd1 c4 28.
b4 Nf4 29. Qf3 Qxf3 30. gxf3 Kf7 31. a4 Ke6 32. axb5 axb5 33. Kf1 g5 34. hxg5
hxg5 35. Ra1 Nd5 36. Ra3 Kxe5 37. Ke2 e6 38. Kd2 Kf4 39. Ra5 Kxf3 40. Rxb5 Kxf2
41. Rxd5 exd5 42. b5 g4 43. b6 g3 44. b7 g2 45. b8=Q g1=Q 46. Qf4+ Kg2 47. Qg5+
Kf1 48. Qh5 Qf2+ 0-1

[Event "VI Festival Terra del Salento A"]
[Site "Gallipoli ITA"]
[Date "2001.07.01"]
[Round "6"]
[White "Ferri, Giuseppe"]
[Black "Shytaj, Carlo"]
[Result "0-1"]
[WhiteElo "1732"]
[BlackElo "1842"]
[PlyCount "96"]
[EventDate "2001.06.29"]

1. c4 Nf6 2. Nc3 e6 3. Nf3 c5 4. g3 Nc6 5. Bg2 Be7 6. O-O O-O 7. d4 d6 8. b3 a6
9. Bb2 Qc7 10. Re1 Nd7 11. d5 Nce5 12. Nxe5 Nxe5 13. f4 Nd7 14. e4 e5 15. Bh3
Bf6 16. Bxd7 Bxd7 17. f5 b5 18. Qe2 Qb6 19. Kh1 bxc4 20. Qxc4 a5 21. Bc1 Qa6
22. Qxa6 Rxa6 23. Be3 Rb8 24. Rab1 Rab6 25. Kg2 h6 26. Kf3 Kf8 27. Ke2 Ke8 28.
Kd2 Ra8 29. a4 Bg5 30. Bxg5 hxg5 31. g4 Rab8 32. Kc2 Ke7 33. Re3 Rc8 34. Kb2
Rb4 35. Ka3 Rd4 36. Rb2 Rb8 37. h3 Rbb4 38. Ka2 Kd8 39. Ka3 Kc7 40. Ka2 c4 41.
bxc4 Rdxc4 42. Rxb4 axb4 43. Ne2 Bxa4 44. Ng3 Bc2 45. Kb2 b3 46. Rxb3 Bxb3 47.
Kxb3 Rd4 48. Kc3 g6 0-1

[Event "VI Festival Terra del Salento A"]
[Site "Gallipoli ITA"]
[Date "2001.07.01"]
[Round "6"]
[White "Messina, Enrico"]
[Black "Shytaj, Luca"]
[Result "0-1"]
[WhiteElo "2100"]
[BlackElo "1818"]
[PlyCount "51"]
[EventDate "2001.06.29"]

1. e4 c5 2. c4 d6 3. Nc3 Nc6 4. g3 g6 5. Bg2 Bg7 6. Nge2 e6 7. O-O Nge7 8. d3
a6 9. Be3 Nd4 10. Qd2 O-O 11. f4 Rb8 12. g4 b5 13. Ng3 b4 14. Nce2 Nxe2+ 15.
Qxe2 f5 16. gxf5 exf5 17. Rad1 Bb7 18. Qf2 Qc7 19. b3 Rbc8 20. Kh1 a5 21. exf5
Nxf5 22. Nxf5 Bxg2+ 23. Qxg2 Rxf5 24. d4 Qf7 25. dxc5 dxc5 26. Rd5 0-1

[Event "VI Festival Terra del Salento A"]
[Site "Gallipoli ITA"]
[Date "2001.07.01"]
[Round "6"]
[White "Nelli, Luca"]
[Black "Mukic, Josko"]
[Result "1-0"]
[WhiteElo "2184"]
[BlackElo "2268"]
[PlyCount "67"]
[EventDate "2001.06.29"]

1. c4 Nf6 2. Nc3 d6 3. g3 e5 4. Bg2 g6 5. Nf3 Bg7 6. O-O O-O 7. d3 Nc6 8. Rb1
Nh5 9. b4 f5 10. b5 Ne7 11. Qb3 Kh8 12. a4 f4 13. Nd5 Bg4 14. Bb2 Nf5 15. Rfe1
c6 16. bxc6 bxc6 17. Nb4 Qd7 18. Nxc6 fxg3 19. hxg3 Qxc6 20. Nxe5 Qc8 21. Nxg4
Nd4 22. Bxd4 Bxd4 23. e3 Qxg4 24. exd4 Rxf2 25. Kxf2 Qxd4+ 26. Re3 Rf8+ 27. Bf3
Qg4 28. Rg1 Qd4 29. Ke2 Nf6 30. Rb1 g5 31. Qb2 Qc5 32. Bd5 Qc8 33. Re6 Kg7 34.
Rf1 1-0

[Event "VI Festival Terra del Salento A"]
[Site "Gallipoli ITA"]
[Date "2001.07.01"]
[Round "6"]
[White "Quaranta, Vitaliano"]
[Black "Santurbano, Maria Vincenza"]
[Result "0-1"]
[WhiteElo "1702"]
[BlackElo "1771"]
[PlyCount "82"]
[EventDate "2001.06.29"]

1. e4 e5 2. Nf3 Nc6 3. Bb5 a6 4. Ba4 Nf6 5. O-O Be7 6. Re1 b5 7. Bb3 d6 8. c3
Na5 9. Bc2 c5 10. d3 Bg4 11. Nbd2 O-O 12. Nf1 Nc6 13. Ng3 a5 14. h3 Bd7 15. Nh2
d5 16. Qf3 d4 17. Nf5 a4 18. Nxe7+ Qxe7 19. Bg5 Qd6 20. Bd1 c4 21. Be2 a3 22.
Bc1 axb2 23. Bxb2 dxc3 24. Bxc3 b4 25. Bd2 c3 26. Be3 Nd4 27. Bxd4 Qxd4 28. Bd1
Be6 29. Bb3 Bxb3 30. axb3 Rxa1 31. Rxa1 c2 32. Rc1 Qb2 33. Qe3 Qxb3 34. Qd2 Rc8
35. Nf3 Qb2 36. Nxe5 Qxe5 37. Rxc2 Rxc2 38. Qxc2 Qc3 39. Qa2 h6 40. Qb1 b3 41.
d4 b2 0-1

[Event "VI Festival Terra del Salento A"]
[Site "Gallipoli ITA"]
[Date "2001.07.01"]
[Round "6"]
[White "Sansonetti, Giorgio"]
[Black "De Santis, Massimo"]
[Result "1/2-1/2"]
[WhiteElo "2140"]
[BlackElo "1693"]
[PlyCount "102"]
[EventDate "2001.06.29"]

1. d4 Nf6 2. Nc3 e6 3. e4 b6 4. Bg5 Be7 5. Qd2 Bb7 6. f3 O-O 7. Bd3 d5 8. e5
Nfd7 9. Bxe7 Qxe7 10. f4 a6 11. Nce2 c5 12. c3 cxd4 13. cxd4 Nc6 14. Nf3 Rfc8
15. O-O Qb4 16. Qe3 Qe7 17. Ng5 h6 18. Qh3 Nb4 19. Bh7+ Kh8 20. a3 Nf8 21. Bb1
Nc2 22. Ra2 Rc7 23. Qd3 hxg5 24. Bxc2 Rac8 25. b4 g6 26. Qh3+ Kg7 27. Bd3 Nh7
28. g3 Rh8 29. Qg4 gxf4 30. gxf4 Nf8 31. f5 exf5 32. Bxf5 Qh4 33. Qg2 Rh5 34.
Kh1 Rg5 35. Qh3 Qxh3 36. Bxh3 Ne6 37. Bxe6 fxe6 38. Nf4 Bc8 39. Rg1 Rxg1+ 40.
Kxg1 Rc1+ 41. Kf2 Bd7 42. Ke3 Kh6 43. Nd3 Rc3 44. a4 g5 45. Kd2 Rc4 46. Ke3 Rc3
47. Ke2 Rc4 48. Ke3 Rc3 49. Ra1 Be8 50. Kd2 Rc4 51. Rf1 Bg6 1/2-1/2

[Event "VI Festival Terra del Salento A"]
[Site "Gallipoli ITA"]
[Date "2001.07.01"]
[Round "6"]
[White "Tommaselli, Giacomo"]
[Black "Palma, Antonio"]
[Result "1/2-1/2"]
[WhiteElo "2087"]
[BlackElo "1729"]
[PlyCount "107"]
[EventDate "2001.06.29"]

1. d4 e6 2. Nf3 c5 3. c3 d5 4. e3 Nf6 5. Nbd2 Nbd7 6. Bd3 Be7 7. O-O O-O 8. Ne5
Qc7 9. f4 b6 10. Rf3 Bb7 11. Rh3 g6 12. Qf3 Kg7 13. Nxd7 Qxd7 14. g4 b5 15. g5
Ne8 16. Nf1 cxd4 17. exd4 Nd6 18. Ng3 Nf5 19. Bd2 f6 20. Nxf5+ exf5 21. gxf6+
Bxf6 22. Re1 Rae8 23. Qf1 Bc6 24. Rhe3 b4 25. Rxe8 Rxe8 26. Rxe8 Qxe8 27. Qe2
bxc3 28. bxc3 Kf7 29. Qxe8+ Kxe8 30. Kg2 Ba4 31. Kf2 Bd1 32. Bc1 Be7 33. Bb5+
Kd8 34. Bc6 Bh4+ 35. Ke3 Ke7 36. Bxd5 Kd6 37. Bb3 Bxb3 38. axb3 g5 39. c4 g4
40. Ba3+ Kc6 41. d5+ Kd7 42. c5 h5 43. Bb2 Be7 44. Bd4 a6 45. b4 h4 46. Be5 h3
47. Kf2 Bh4+ 48. Kf1 Be1 49. c6+ Kc8 50. Bd6 Bd2 51. Kg1 Be3+ 52. Kf1 Bd2 53.
Kf2 Be1+ 54. Kf1 1/2-1/2

[Event "C.to Italiano Semifinale"]
[Site "Limone Piemonte ITA"]
[Date "2001.06.24"]
[Round "1"]
[White "Astengo, Marcello"]
[Black "Ubezio, Marco"]
[Result "1/2-1/2"]
[WhiteElo "2024"]
[BlackElo "2193"]
[PlyCount "26"]
[EventDate "2001.06.24"]

1. d4 Nf6 2. c4 e5 3. Nf3 Bb4+ 4. Bd2 Bxd2+ 5. Qxd2 e4 6. Ng5 O-O 7. Nc3 Re8 8.
e3 d6 9. g3 Bf5 10. Bg2 Nc6 11. a3 Na5 12. Qe2 h6 13. Nh3 Bg4 1/2-1/2

[Event "C.to Italiano Semifinale"]
[Site "Limone Piemonte ITA"]
[Date "2001.06.24"]
[Round "1"]
[White "Basciu, Simone"]
[Black "Ausmins, Elmar"]
[Result "0-1"]
[WhiteElo "2157"]
[BlackElo "2365"]
[PlyCount "148"]
[EventDate "2001.06.24"]

1. d4 Nf6 2. Nf3 g6 3. c4 Bg7 4. Nc3 O-O 5. e4 d6 6. Be2 e5 7. O-O Nc6 8. d5
Ne7 9. b4 Ne8 10. c5 f5 11. Ng5 h6 12. Ne6 Bxe6 13. dxe6 fxe4 14. Nxe4 d5 15.
Ng3 c6 16. Bb2 Nc7 17. Bg4 Nf5 18. Qe2 d4 19. Bxf5 gxf5 20. Nh5 Bh8 21. e7 Qxe7
22. Bxd4 Nd5 23. Be3 f4 24. Bd2 Qh4 25. g4 Rae8 26. f3 e4 27. Rab1 Qh3 28. Rb3
Bd4+ 29. Kh1 Be3 30. Bxe3 Nxe3 31. Rf2 Qh4 32. Nxf4 exf3 33. Qxf3 Nd5 34. Qg3
Qf6 35. Nh3 Qa1+ 36. Kg2 Re2 37. Rbf3 Rfe8 38. g5 Ne3+ 39. Rxe3 R8xe3 40. Qb8+
Re8 41. Qxb7 Rxf2+ 42. Nxf2 Qg7 43. Qxc6 Qxg5+ 44. Kf1 Re7 45. Qc8+ Kh7 46. Qg4
Qc1+ 47. Qd1 Qc4+ 48. Qd3+ Qxd3+ 49. Nxd3 Re3 50. Nc1 Kg6 51. Nb3 Kf5 52. b5
Ke5 53. b6 axb6 54. cxb6 Kd6 55. Nd4 Rh3 56. Kg2 Rh5 57. Kg3 Rd5 58. Nf3 Kc6
59. h4 Kxb6 60. Kf4 Kc5 61. Ne5 Rd4+ 62. Kg3 h5 63. Nf3 Rg4+ 64. Kh3 Kd5 65.
Nh2 Ra4 66. Nf1 Ra3+ 67. Kg2 Rxa2+ 68. Kf3 Ra4 69. Kg3 Ke5 70. Ne3 Ra3 71. Kf2
Kf4 72. Ng2+ Kg4 73. Ne3+ Kxh4 74. Kf3 Rxe3+ 0-1

[Event "C.to Italiano Semifinale"]
[Site "Limone Piemonte ITA"]
[Date "2001.06.24"]
[Round "1"]
[White "Brignone, Roberto"]
[Black "Scuderi, David"]
[Result "1-0"]
[WhiteElo "2171"]
[BlackElo "1702"]
[PlyCount "31"]
[EventDate "2001.06.24"]

1. e4 e6 2. d4 d5 3. Nc3 Bb4 4. e5 c5 5. a3 Bxc3+ 6. bxc3 Nc6 7. Qg4 Nge7 8.
Qxg7 Rg8 9. Qxh7 cxd4 10. f4 dxc3 11. Nf3 Qb6 12. Ng5 Nd8 13. a4 Bd7 14. Qd3
Rc8 15. Nh7 Rh8 16. Nf6+ 1-0

[Event "C.to Italiano Semifinale"]
[Site "Limone Piemonte ITA"]
[Date "2001.06.24"]
[Round "1"]
[White "Buchicchio, Giampaolo"]
[Black "Manzardo, Bruno"]
[Result "1-0"]
[WhiteElo "2191"]
[BlackElo "2005"]
[PlyCount "67"]
[EventDate "2001.06.24"]

1. e4 d5 2. exd5 Qxd5 3. Nc3 Qa5 4. d4 Nf6 5. Nf3 Bg4 6. h3 Bh5 7. g4 Bg6 8.
Ne5 Nbd7 9. Nc4 Qa6 10. Bf4 Qe6+ 11. Ne5 Nd5 12. Bc4 N7b6 13. Nxd5 Nxd5 14. Qf3
O-O-O 15. O-O-O f6 16. Rhe1 Qg8 17. Nxg6 hxg6 18. Rd2 e6 19. Rde2 Qh7 20. Bxd5
exd5 21. Qc3 Bd6 22. Bxd6 Rxd6 23. Re7 Qh6+ 24. Kb1 Rc6 25. Qa3 Rd8 26. Qxa7
Ra6 27. Rxc7+ Kxc7 28. Re7+ Rd7 29. Rxd7+ Kxd7 30. Qxb7+ Ke8 31. Qxa6 Qd2 32.
Qc6+ Ke7 33. Qc5+ Ke8 34. a4 1-0

[Event "C.to Italiano Semifinale"]
[Site "Limone Piemonte ITA"]
[Date "2001.06.24"]
[Round "1"]
[White "Genocchio, Daniele"]
[Black "Artizzu, Giulio"]
[Result "0-1"]
[WhiteElo "2278"]
[BlackElo "2098"]
[PlyCount "84"]
[EventDate "2001.06.24"]

1. e4 c5 2. Nf3 d6 3. d4 cxd4 4. Nxd4 Nf6 5. Nc3 a6 6. Bc4 e6 7. Be3 b5 8. Bb3
Bb7 9. f3 Nbd7 10. Qe2 Rc8 11. O-O-O Ne5 12. Kb1 Nc4 13. Bxc4 Rxc4 14. g4 Be7
15. h4 Rxc3 16. bxc3 Qc7 17. Nb3 Nd7 18. Bd4 Bf6 19. g5 Bxd4 20. cxd4 Nb6 21.
Rd3 Nc4 22. Nd2 Nb6 23. Nb3 Nc4 24. Nd2 Nb6 25. c3 O-O 26. Rc1 Rc8 27. Qd1 a5
28. h5 Ba6 29. Re3 Na4 30. g6 hxg6 31. hxg6 fxg6 32. Qb3 Qd7 33. Rg1 d5 34.
exd5 exd5 35. Rg5 Bb7 36. f4 b4 37. Ne4 Qf7 38. cxb4 dxe4 39. Qxa4 Qxf4 40.
Rgg3 Qf1+ 41. Kb2 Qc1+ 42. Kb3 Bd5# 0-1

[Event "C.to Italiano Semifinale"]
[Site "Limone Piemonte ITA"]
[Date "2001.06.24"]
[Round "1"]
[White "Martorelli, Antonio"]
[Black "Astengo, Corrado"]
[Result "1/2-1/2"]
[WhiteElo "2315"]
[BlackElo "2115"]
[PlyCount "127"]
[EventDate "2001.06.24"]

1. e4 c5 2. Nf3 d6 3. d4 cxd4 4. Nxd4 Nf6 5. Nc3 a6 6. g3 e5 7. Nb3 Be6 8. Bg2
Be7 9. Nd5 Bxd5 10. exd5 Nbd7 11. O-O Qc7 12. Re1 O-O 13. Bd2 Rac8 14. Na5 Nb8
15. b3 Nfd7 16. a4 f5 17. Nc4 Bf6 18. a5 Rce8 19. Ra2 g6 20. Bh6 Bg7 21. Bxg7
Kxg7 22. Qd2 Nf6 23. Qb4 Rd8 24. Raa1 e4 25. Rad1 Nbd7 26. f3 Nc5 27. Qb6 Qxb6
28. Nxb6 exf3 29. Bxf3 Nce4 30. c4 Rfe8 31. b4 Kf7 32. Kg2 g5 33. h3 h5 34. Rc1
g4 35. hxg4 hxg4 36. Bd1 Rh8 37. c5 dxc5 38. bxc5 Rh3 39. Rh1 Rxg3+ 40. Kf1
Nxd5 41. Nxd5 Rxd5 42. Rh7+ Kg6 43. Rxb7 Rxc5 44. Ra1 Rgc3 45. Rb6+ Rc6 46. Ba4
Rd6 47. Rd1 Rxb6 48. axb6 Rc4 49. b7 Rb4 50. Bc6 Nc5 51. Rd5 Nxb7 52. Bd7 Rf4+
53. Kg2 Kg5 54. Bc8 Rb4 55. Rxf5+ Kh4 56. Rd5 a5 57. Bxb7 Rxb7 58. Rxa5 Rb2+
59. Kg1 Kh3 60. Ra3+ g3 61. Ra1 Rg2+ 62. Kh1 Re2 63. Kg1 Rg2+ 64. Kh1 1/2-1/2

[Event "C.to Italiano Semifinale"]
[Site "Limone Piemonte ITA"]
[Date "2001.06.24"]
[Round "1"]
[White "Miatello, Alberto"]
[Black "Laco, Giuseppe"]
[Result "0-1"]
[WhiteElo "1869"]
[BlackElo "2186"]
[PlyCount "108"]
[EventDate "2001.06.24"]

1. e4 c5 2. Nf3 e6 3. d4 cxd4 4. Nxd4 a6 5. Bd3 b5 6. O-O Bb7 7. Qe2 Nc6 8.
Nxc6 dxc6 9. Nd2 Qc7 10. f4 Bc5+ 11. Kh1 h5 12. e5 g6 13. Ne4 Be7 14. c4 bxc4
15. Bxc4 Nh6 16. b3 c5 17. Bb2 Qc6 18. Nd6+ Bxd6 19. exd6 Rh7 20. d7+ Qxd7 21.
Rad1 Qe7 22. Bb5+ axb5 23. Qxb5+ Kf8 24. Rd7 Ba6 25. Qc6 Rc8 26. Qxc8+ Bxc8 27.
Rxe7 Kxe7 28. Ba3 Bb7 29. Bxc5+ Kd7 30. b4 Nf5 31. Rd1+ Bd5 32. Kg1 Rh8 33. a4
Ra8 34. a5 Nd6 35. Kf1 Ne4 36. Bb6 Rc8 37. Bd4 Bc4+ 38. Ke1 Kc6 39. g3 Kb5 40.
Bb6 Kxb4 41. Rd7 Bb5 42. Rd4+ Rc4 43. Rxc4+ Bxc4 44. Bd8 Kc5 45. Bb6+ Kd6 46.
Kd1 Bd3 47. Kc1 e5 48. fxe5+ Kxe5 49. Kb2 Kf5 50. Kb3 Kg4 51. Kb4 Kh3 52. Bc7
Kxh2 53. g4+ Kg2 54. gxh5 gxh5 0-1

[Event "C.to Italiano Semifinale"]
[Site "Limone Piemonte ITA"]
[Date "2001.06.24"]
[Round "1"]
[White "Modena, Giorgio"]
[Black "Parrella, Alfredo"]
[Result "0-1"]
[WhiteElo "1765"]
[BlackElo "2174"]
[PlyCount "76"]
[EventDate "2001.06.24"]

1. e4 c5 2. Nf3 Nc6 3. d4 cxd4 4. Nxd4 Nf6 5. Nc3 d6 6. Be2 e5 7. Nb3 Be6 8.
O-O Be7 9. Be3 O-O 10. f3 a6 11. Qe1 Nb4 12. Rc1 Rc8 13. a3 Nxc2 14. Rxc2 Bxb3
15. Rd2 b5 16. g4 h6 17. g5 hxg5 18. Bxg5 Nh5 19. Bxe7 Qxe7 20. Bd3 Nf4 21. Nd5
Bxd5 22. exd5 g6 23. a4 Qg5+ 24. Qg3 Nh3+ 25. Kh1 Qxd2 26. Bxg6 Qg5 27. Bf5
Qxg3 28. hxg3 Ng5 29. Bxc8 Rxc8 30. axb5 axb5 31. f4 Ne4 32. Re1 Nxg3+ 33. Kg2
exf4 34. Kf3 Rc4 35. Re8+ Kg7 36. Rd8 Nf5 37. Rb8 Rb4 38. b3 Kf6 0-1

[Event "C.to Italiano Semifinale"]
[Site "Limone Piemonte ITA"]
[Date "2001.06.24"]
[Round "1"]
[White "Opacic, Alexandar"]
[Black "Piscopo, Pierluigi"]
[Result "1/2-1/2"]
[WhiteElo "1921"]
[BlackElo "2212"]
[PlyCount "138"]
[EventDate "2001.06.24"]

1. e4 c5 2. Nf3 Nc6 3. d4 cxd4 4. Nxd4 Nf6 5. Nc3 e5 6. Ndb5 d6 7. Bg5 a6 8.
Na3 b5 9. Nd5 Be7 10. Bxf6 Bxf6 11. c3 O-O 12. Nc2 Bg5 13. Nce3 Rb8 14. a4 bxa4
15. Qxa4 Bd7 16. Qc2 Bxe3 17. Nxe3 a5 18. Bc4 Qb6 19. b3 Be6 20. Ra3 Nd4 21.
Qd2 Qc5 22. Qb2 Bxc4 23. Nxc4 Qxc4 24. cxd4 Qb4+ 25. Ke2 exd4 26. Rd1 Rfe8 27.
Rxd4 Rxe4+ 28. Rxe4 Qxe4+ 29. Kf1 Re8 30. Ra1 Qd3+ 31. Kg1 Re2 32. Qc1 Qf5 33.
f3 h5 34. Qc4 Qe5 35. Rf1 g6 36. f4 Qe3+ 37. Kh1 Re1 38. h3 Rxf1+ 39. Qxf1 Qxb3
40. f5 gxf5 41. Qxf5 Qe3 42. Qxa5 Qe5 43. Qc7 Kg7 44. Qb8 Qe1+ 45. Kh2 Qd2 46.
Qc7 Qd4 47. Qb8 Qf4+ 48. Kh1 Qc1+ 49. Kh2 Qc5 50. Kh1 Qd4 51. Kh2 h4 52. Qd8
Qe5+ 53. Kg1 Qd4+ 54. Kh2 Qf4+ 55. Kg1 Qf6 56. Qd7 Qd4+ 57. Kh1 Kg6 58. Qd8 d5
59. Qg8+ Qg7 60. Qd8 Qa1+ 61. Kh2 Qe5+ 62. Kg1 Qe3+ 63. Kh2 Qf4+ 64. Kg1 d4 65.
Qg8+ Kf6 66. Qh8+ Ke6 67. Qe8+ Kd5 68. Qd7+ Ke4 69. Qe7+ Kd3 1/2-1/2

[Event "C.to Italiano Semifinale"]
[Site "Limone Piemonte ITA"]
[Date "2001.06.24"]
[Round "1"]
[White "Petruccioli, Antonio"]
[Black "Costantini, Roberto"]
[Result "0-1"]
[WhiteElo "2097"]
[BlackElo "2268"]
[PlyCount "70"]
[EventDate "2001.06.24"]

1. c4 Nf6 2. Nc3 e5 3. d3 d5 4. cxd5 Nxd5 5. Nf3 Nc6 6. g3 Be7 7. Bg2 Nb6 8.
O-O O-O 9. a4 a5 10. Be3 Be6 11. Bxb6 cxb6 12. Nd2 Rc8 13. Rc1 f6 14. b3 Ba3
15. Rb1 Rf7 16. Nc4 Bc5 17. Ne4 Bb4 18. h4 Kh8 19. Qc1 h6 20. Rd1 Nd4 21. Kf1
b5 22. axb5 Nxb5 23. Qe3 Nd4 24. f4 Bg4 25. Bf3 Bh3+ 26. Bg2 Bxg2+ 27. Kxg2 b5
28. Ncd2 f5 29. Nf2 exf4 30. gxf4 Re7 31. Nde4 Nc2 32. Qf3 fxe4 33. dxe4 Qb6
34. Ng4 Qg6 35. f5 Qxg4+ 0-1

[Event "C.to Italiano Semifinale"]
[Site "Limone Piemonte ITA"]
[Date "2001.06.24"]
[Round "1"]
[White "Rettore, Ludwig"]
[Black "Iotti, Pierluigi"]
[Result "0-1"]
[WhiteElo "2134"]
[BlackElo "2318"]
[PlyCount "46"]
[EventDate "2001.06.24"]

1. e4 e6 2. d4 d5 3. Nc3 Bb4 4. e5 c5 5. a3 Bxc3+ 6. bxc3 Ne7 7. Qg4 O-O 8. Nf3
Nbc6 9. Bd3 f5 10. exf6 Rxf6 11. Bg5 Rf7 12. Qh4 h6 13. Bd2 Bd7 14. O-O Nf5 15.
Qxd8+ Rxd8 16. Rab1 b6 17. dxc5 bxc5 18. Bxf5 Rxf5 19. Be3 d4 20. cxd4 cxd4 21.
Bxd4 Rxf3 22. gxf3 Nxd4 23. Rfd1 Ne2+ 0-1

[Event "C.to Italiano Semifinale"]
[Site "Limone Piemonte ITA"]
[Date "2001.06.24"]
[Round "1"]
[White "Rossato, Armando"]
[Black "Capece, Adolivio"]
[Result "0-1"]
[WhiteElo "2203"]
[BlackElo "2075"]
[PlyCount "68"]
[EventDate "2001.06.24"]

1. d4 Nf6 2. Nc3 d5 3. e4 dxe4 4. f3 exf3 5. Nxf3 Bg4 6. h3 Bh5 7. g4 Bg6 8.
Ne5 e6 9. Bg2 c6 10. O-O Nbd7 11. Nxg6 hxg6 12. Qf3 Qe7 13. Be3 Nb6 14. Rae1
Qd7 15. Ne4 Nxe4 16. Qxe4 Be7 17. c3 Nd5 18. Bc1 O-O 19. g5 c5 20. c4 Nb4 21.
d5 Nxa2 22. dxe6 fxe6 23. Qxg6 Nxc1 24. Be4 Ne2+ 25. Kh1 Ng3+ 26. Kg2 Nxe4 27.
Qxe4 Qc6 28. Qxc6 bxc6 29. Rxf8+ Rxf8 30. Rxe6 Bxg5 31. Rxc6 Be3 32. b3 Rb8 33.
Ra6 Rxb3 34. Rxa7 Rb4 0-1

[Event "C.to Italiano Semifinale"]
[Site "Limone Piemonte ITA"]
[Date "2001.06.24"]
[Round "1"]
[White "Scalcione, Michelangelo"]
[Black "Camerini, Lorenzo"]
[Result "1-0"]
[WhiteElo "2177"]
[BlackElo "1834"]
[PlyCount "53"]
[EventDate "2001.06.24"]

1. Nf3 Nf6 2. c4 g6 3. Nc3 Bg7 4. e4 d6 5. d4 O-O 6. Be2 e5 7. O-O Nc6 8. d5
Ne7 9. b4 Ne8 10. a4 f5 11. Ng5 Nf6 12. f3 h6 13. Ne6 Bxe6 14. dxe6 Ne8 15. c5
c6 16. cxd6 Nxd6 17. Be3 Qc7 18. Qb3 Rad8 19. Rad1 Ndc8 20. Rd7 Qb8 21. Rfd1
Rde8 22. b5 Qa8 23. bxc6 bxc6 24. Ba6 Kh7 25. Bc5 Bf6 26. Bxc8 Qxc8 27. Qa3 1-0

[Event "C.to Italiano Semifinale"]
[Site "Limone Piemonte ITA"]
[Date "2001.06.24"]
[Round "1"]
[White "Scarenzio, Renato"]
[Black "Sbarra, Marco"]
[Result "0-1"]
[WhiteElo "2107"]
[BlackElo "2303"]
[PlyCount "44"]
[EventDate "2001.06.24"]

1. d4 d5 2. c4 e6 3. Nc3 c5 4. dxc5 d4 5. Ne4 Nf6 6. Nxf6+ Qxf6 7. b4 a5 8. Nf3
axb4 9. Bg5 Qg6 10. Qxd4 Nc6 11. Qb2 Bxc5 12. Rd1 f6 13. Bf4 e5 14. Bg3 e4 15.
Nh4 Qf7 16. Qc2 b3 17. Qxe4+ Qe6 18. Qxe6+ Bxe6 19. a3 Rxa3 20. f4 Be3 21. Bf2
b2 22. Bxe3 Ra1 0-1

[Event "C.to Italiano Semifinale"]
[Site "Limone Piemonte ITA"]
[Date "2001.06.24"]
[Round "1"]
[White "Vezzosi, Paolo"]
[Black "Barlocco, Carlo"]
[Result "1-0"]
[WhiteElo "2423"]
[BlackElo "2159"]
[PlyCount "85"]
[EventDate "2001.06.24"]

1. d4 d5 2. c4 Bf5 3. Nc3 e6 4. Nf3 Nf6 5. Bg5 c6 6. Bxf6 gxf6 7. e3 Qb6 8. Qd2
Nd7 9. cxd5 cxd5 10. Rc1 Rc8 11. Bb5 Bb4 12. O-O Bxc3 13. Rxc3 Ke7 14. Rb3 Rc2
15. Qb4+ Qd6 16. Bxd7 Qxb4 17. Rxb4 Kxd7 18. Rxb7+ Kd6 19. Rxa7 Rxb2 20. Rxf7
Ra8 21. Rxf6 Ke7 22. Rh6 Raxa2 23. Ne5 Be4 24. Rh4 Re2 25. Rf4 Kd8 26. h4 h5
27. Rc1 Bf5 28. Nf7+ Kd7 29. Nh6 Bc2 30. Ng8 e5 31. dxe5 Ke6 32. Nf6 Kxe5 33.
Nxh5 Rd2 34. Nf6 Bf5 35. g4 Bc2 36. g5 Ra8 37. Kg2 Ra3 38. h5 Ke6 39. Re1 Bf5
40. h6 Ke5 41. h7 Ra8 42. Rxf5+ Kxf5 43. Ng8 1-0